| 000 | 00974nam a2200265Ia 4500 | ||
|---|---|---|---|
| 003 | OSt | ||
| 005 | 20220918112004.0 | ||
| 006 | a|||||r|||| 00| 0 | ||
| 007 | ta | ||
| 008 | 220915b |||||||| |||| 00| 0 ben d | ||
| 024 | _a213661 | ||
| 037 | _cTextbook | ||
| 040 |
_bben _aARTS _cARTS |
||
| 041 | _aben | ||
| 082 | _aO157,3N26,3, 152M1 | ||
| 100 | _aमहाश्वेता, देवी; | ||
| 245 | 0 | _aचोट्टि मुंडा और उसका तीर | |
| 246 | _aChoṭṭi muanḍā aur usakā tīra | ||
| 260 |
_aनई _bदिल्ली राधाकृष्ण प्रका0 _c1981 |
||
| 650 | _aबंगाली साहित्य | ||
| 700 | _aशंखधर, जगत, अनु. | ||
| 942 |
_hO157,3N26,3, 152M1 _cTB _2CC |
||
| 999 |
_c117741 _d117741 |
||